=LDR 00000nam 2200000 4500 =001 INLIS000000000001765 =005 20230804104118 =035 ##$$a 0010-0823000213 =007 ta =008 230804################g##########0#ind## =020 ##$$a 978-979-044-123-1 =082 ##$$a 616.398 =084 ##$$a 616.398 ARI b =100 #$$a Arisman =245 1#$$a Buku Ajar Ilmu Gizi OBESITAS MELLITUS, & DISLIPIDEMIA : $b Konsep, Teori, dan Penanganan Aplikatif /$c BKKBN =250 ##$$a - =260 ##$$a Jakarta :$b Kedokteran EGC,$c 2018 =300 ##$$a 253 hlm : $b ilus ; $c 24 cm =500 ##$$a Buku Ajar Ilmu Gizi OBESITAS MELLITUS, & DISLIPIDEMIA Konsep, Teori, dan Penanganan Aplikatif =650 #4$$a KESEHATAN